Introduction to micrometeorology /

Gespeichert in:
Bibliographische Detailangaben
1. Verfasser: Arya, S. Pal
Format: Buch
Sprache:Englisch
Veröffentlicht: San Diego Academic Press 2001.
Ausgabe:2nd ed.
Schriftenreihe:International geophysics series ; v. 79.
Schlagworte:
Online-Zugang:Publisher description
Im OPAC anzeigen
Tags: Tag hinzufügen
Keine Tags, Fügen Sie das erste Tag hinzu!

MARC

LEADER 00000cam a2200000 a 4500
005 20260127134050.0
008 010529s2001 caua b 001 0 eng
010 |a 2001-271043 
020 |a 0120593548 (acidfree paper) 
035 |a vtls008630872 
035 |a 12426144 
039 9 |y 200603131445  |z mschk03 
040 |a STUSCHK1  |b slo  |c STUSCHK1 
082 0 0 |a 551.6/6  |2 21 
100 1 |a Arya, S. Pal. 
245 1 0 |a Introduction to micrometeorology /  |c S. Pal Arya. 
250 |a 2nd ed. 
260 |a San Diego  |b Academic Press  |c 2001. 
300 |a xxv, 420 p.  |b ill.  |c 24 cm. 
490 1 |a This is volume 79 in the International geophysics series 
504 |a Includes bibliographical references (p. 391-403) and index. 
650 0 |a Micrometeorology. 
830 0 |a International geophysics series ;  |v v. 79. 
856 4 2 |3 Publisher description  |u http://www.loc.gov/catdir/description/els031/2001271043.html 
906 |a 7  |b cbc  |c origcop  |d 2  |e ncip  |f 20  |g y-gencatlg 
910 |a SCHK95 
919 |a 0-12-059354-8 
925 0 |a acquire  |b 2 shelf copies  |x policy default 
999 |c 3294  |d 3294